Исследование ударных свойств многослойных композитов на основе керамики ZrB2; Перспективные материалы конструкционного и функционального назначения

Bibliografiske detaljer
Parent link:Перспективные материалы конструкционного и функционального назначения.— 2023.— С. 56-58
Hovedforfatter: Кузнецова А. Е.
Institution som forfatter: Национальный исследовательский Томский политехнический университет
Andre forfattere: Гоморова Ю. Ф., Буякова С. П. Светлана Петровна
Summary:Текстовый файл
Sprog:russisk
Udgivet: 2023
Serier:Проблемы надежности конструкционных материалов
Fag:
Online adgang:http://earchive.tpu.ru/handle/11683/77233
Format: MixedMaterials Electronisk Book Chapter
KOHA link:https://koha.lib.tpu.ru/cgi-bin/koha/opac-detail.pl?biblionumber=670089

MARC

LEADER 00000naa2a2200000 4500
001 670089
005 20241121063152.0
090 |a 670089 
100 |a 20231227d2023 k||y0rusy50 ca 
101 0 |a rus 
102 |a RU 
135 |a drbn ---uucaa 
200 1 |a Исследование ударных свойств многослойных композитов на основе керамики ZrB2  |f А. Е. Кузнецова, Ю. Ф. Гоморова, С. П. Буякова  |g Национальный исследовательский Томский политехнический университет 
225 |a Проблемы надежности конструкционных материалов 
283 |2 RDAcarrier 
320 |a Список использованных источников: с. 58 
336 |a Текстовый файл 
463 1 |0 670083  |9 670083  |a Буякова, С. П. (специалист в области материаловедения ; 1968-)  |c Томск  |d 2023  |n Изд-во ТПУ  |o сборник научных трудов Международной научно-технической молодежной конференции, Томск, 11–15 декабря 2023 г.  |t Перспективные материалы конструкционного и функционального назначения  |u conference_tpu-2023-C125.pdf  |v С. 56-58 
610 1 |a электронный ресурс 
610 1 |a труды учёных ТПУ 
610 1 |a композиты 
610 1 |a керамика 
610 1 |a ударная вязкость 
700 |a Кузнецова  |b А. Е. 
701 1 |a Гоморова  |b Ю. Ф. 
701 1 |a Буякова  |b С. П.  |g Светлана Петровна  |c специалист в области материаловедения  |c профессор Томского политехнического университета, доктор технических наук  |f 1968-  |y Томск  |9 13716 
712 0 2 |a Национальный исследовательский Томский политехнический университет  |c (2009- )  |9 26305 
801 0 |a RU  |b 63413507  |c 20231227 
850 |a 63413507 
856 |u http://earchive.tpu.ru/handle/11683/77233  |z http://earchive.tpu.ru/handle/11683/77233 
942 |c CF